=LDR 00000nam 2200000 4500 =001 INLIS000000000017571 =005 20130612112801 =008 ***********************************Ind** =035 ##$$0010-061300000017571 =041 ##$$a Ind =082 ##$$a 574.824 =090 ##$$a 574.824, Lee b =100 ##$$a Leeson, C. Roland =245 ##$$a Buku ajar histologi, textbook of histology, C. Roland Leeson ; alih bahasa, Yan Tambayong =260 ##$$a 1996 $b Jakarta =300 ##$$a xi, 622 hlm, 27 cm =650 ##$$a Histologi =700 ##$$a Tambayong, Yan =850 ##$$a NBPNMAT